000 00706nam a2200205 a 4500
001 000034428
005 20200930073708.0
008 111004s1998 sp d 000 0 spa d
020 _a8471836610
020 _a8471836629(vol. 1)
100 1 _aWhiteman, Kate
_959855
245 1 3 _aLa gran enciclopedia de la fruta /
_cKate Whiteman,Maggie Mayhew; traducción Anna Maria Gil.
260 _aBarcelona :
_bAnnes Publishing Limited Hermes House;
_bEdiciones Hymsa,
_c1998.
300 _av. :
_bil,, retrs. ;
_c28 cm.
500 _aLa biblioteca posee el volumen 1
505 0 _gv.1
_tConocer la fruta
700 1 2 _aMayhew, Maggie
_959856
700 1 2 _aGil, Anna Maria
_etraductora
_959857
999 _c33919
_d33919
040 _aDO-SdBNP